Statistics for Lyrics to the Kyrie and Gloria

Click here to take the quiz!

General Stats

  • This quiz has been taken 18 times
    (13 since last reset)
  • The average score is 41 of 90

Answer Stats

Answer% Correct
gloria
100%
Gloria
100%
Kyrie
100%
Kyrie
100%
deo
88%
eleison
88%
eleison
88%
eleison
88%
excelsis
88%
in
88%
in
88%
in
88%
Christe
75%
Christe
75%
Christe
75%
hominibus
75%
pax
75%
te
75%
te
75%
te
75%
te
75%
terra
75%
voluntatis
75%
ad
63%
Adoramus
63%
agimus
63%
Benedicimus
63%
bonae
63%
Glorificamus
63%
Gratias
63%
Laudamus
63%
tibi
63%
Tu
63%
tu
63%
Deus
50%
Deus
50%
Deus
50%
gloriam
50%
magnam
50%
propter
50%
tuam
50%
Amen
38%
Domine
38%
Domine
38%
misere
38%
misere
38%
Agnus
25%
Altissimus
25%
caelestis
25%
Cum
25%
Dei
25%
Dei
25%
deprecationem
25%
dexteram
25%
Dominus
25%
fili
25%
mundi
25%
mundi
25%
nobis
25%
nobis
25%
omnipotens
25%
Patris
25%
Patris
25%
Patris
25%
peccata
25%
peccata
25%
Qui
25%
Qui
25%
Qui
25%
Rex
25%
Sancto
25%
Sanctus
25%
sedes
25%
solus
25%
solus
25%
solus
25%
suscipe
25%
tollis
25%
tollis
25%
And
13%
Filius
13%
Iesu
13%
Iesu
13%
nostram
13%
Pater
13%
Quoniam
13%
Spirito
13%
Yo
13%
Dominates
0%
ungenite
0%

Score Distribution

Percentile by Number Answered

Percent of People with Each Score

Your Score History

You have not taken this quiz since the last reset